<?xml version="1.0" encoding="UTF-8"?><?xml-stylesheet type="text/xsl" href="static/style.xsl"?><OAI-PMH xmlns="http://www.openarchives.org/OAI/2.0/" xmlns:xsi="http://www.w3.org/2001/XMLSchema-instance" xsi:schemaLocation="http://www.openarchives.org/OAI/2.0/ http://www.openarchives.org/OAI/2.0/OAI-PMH.xsd"><responseDate>2026-04-14T17:31:34Z</responseDate><request verb="GetRecord" identifier="oai:uvadoc.uva.es:10324/82005" metadataPrefix="marc">https://uvadoc.uva.es/oai/request</request><GetRecord><record><header><identifier>oai:uvadoc.uva.es:10324/82005</identifier><datestamp>2026-03-09T08:40:33Z</datestamp><setSpec>com_10324_1142</setSpec><setSpec>com_10324_931</setSpec><setSpec>com_10324_894</setSpec><setSpec>col_10324_1258</setSpec></header><metadata><record xmlns="http://www.loc.gov/MARC21/slim" xmlns:doc="http://www.lyncode.com/xoai" xmlns:xsi="http://www.w3.org/2001/XMLSchema-instance" xmlns:dcterms="http://purl.org/dc/terms/" xsi:schemaLocation="http://www.loc.gov/MARC21/slim http://www.loc.gov/standards/marcxml/schema/MARC21slim.xsd">
<leader>00925njm 22002777a 4500</leader>
<datafield tag="042" ind1=" " ind2=" ">
<subfield code="a">dc</subfield>
</datafield>
<datafield tag="720" ind1=" " ind2=" ">
<subfield code="a">Marqués Jimenez, Diego</subfield>
<subfield code="e">author</subfield>
</datafield>
<datafield tag="720" ind1=" " ind2=" ">
<subfield code="a">Castillo Alvira, Daniel</subfield>
<subfield code="e">author</subfield>
</datafield>
<datafield tag="720" ind1=" " ind2=" ">
<subfield code="a">Ramírez Jiménez, Miguel</subfield>
<subfield code="e">author</subfield>
</datafield>
<datafield tag="720" ind1=" " ind2=" ">
<subfield code="a">Izquierdo Velasco, José María</subfield>
<subfield code="e">author</subfield>
</datafield>
<datafield tag="260" ind1=" " ind2=" ">
<subfield code="c">2025</subfield>
</datafield>
<datafield tag="520" ind1=" " ind2=" ">
<subfield code="a">The present study aimed to explore differences in the recovery kinetics of countermovement jump performance in starting and non-starting soccer players after the competition. Twelve male outfield players (age: 27.05 ± 4.31 years; height: 177.50 ± 4.56 cm; body mass: 71.48 ± 4.63 kg) were included in this case series study. It included two data collection periods within a single competitive season, each encompassing one official match and the subsequent 48-h recovery period. Each participant was included in the starting line-up only in one match. Countermovement jump performance was monitored on each morning of the match-day, and subsequent measurements were acquired immediately post-, at 24-h and at 48-h post-match. Both output-orientated and time-based metrics were obtained from each jump. Afterwards, each participant's data was compared between two conditions: when they were a starter (included in the starting line-up) and when they were a non-starter (not included in the starting line-up, regardless of match playing time). Time-related changes in performance within each group were determined using a repeated-measures ANOVA with Holm post hoc analysis and the Cohen's d effect size statistic. Group differences in performance at post-match, 24-h, and 48-h post-match were determined by conducting ANCOVA with Holm post hoc analysis and partial eta squared, using pre-match values as covariates. Compared to baseline, jump height and propulsive impulse were significantly decreased at 24-h post-match only in starters (p &lt; 0.001), while no significant time-related changes were found in non-starters. Compared to non-starters, starters exhibited a longer propulsive phase duration post-match (p = 0.037), lower jump height and propulsive impulse at 24-h post-match (p = 0.019, p = 0.005, respectively), and lower absolute peak power at 48-h post-match (p = 0.042). Thus, both jump outcome and movement strategy responses to neuromuscular fatigue evidenced a faster recovery of countermovement jump performance in non-starters players.</subfield>
</datafield>
<datafield tag="024" ind2=" " ind1="8">
<subfield code="a">Marqués-Jiménez, D.; Castillo-Alvira, D.; Ramírez-Jiménez, M.; Izquierdo-Velasco, J. M. (2025). Recovery kinetics of countermovement jump performance after soccer matches: differences between starters and non-starters. European Journal of Human Movement, 54, 65-75. https://doi.org/10.21134/eurjhm.2025.54.9</subfield>
</datafield>
<datafield tag="024" ind2=" " ind1="8">
<subfield code="a">2386-4095</subfield>
</datafield>
<datafield tag="024" ind2=" " ind1="8">
<subfield code="a">https://uvadoc.uva.es/handle/10324/82005</subfield>
</datafield>
<datafield tag="024" ind2=" " ind1="8">
<subfield code="a">10.21134/eurjhm.2025.54.9</subfield>
</datafield>
<datafield tag="024" ind2=" " ind1="8">
<subfield code="a">65</subfield>
</datafield>
<datafield tag="024" ind2=" " ind1="8">
<subfield code="a">54</subfield>
</datafield>
<datafield tag="024" ind2=" " ind1="8">
<subfield code="a">75</subfield>
</datafield>
<datafield tag="024" ind2=" " ind1="8">
<subfield code="a">European Journal of Human Movement</subfield>
</datafield>
<datafield tag="245" ind1="0" ind2="0">
<subfield code="a">Recovery kinetics of countermovement jump performance after soccer matches: differences between starters and non-starters: Recovery of countermovement jump performance in soccer</subfield>
</datafield>
</record></metadata></record></GetRecord></OAI-PMH>